| Поле | Инд. | ПП | Название | Значение |
|---|---|---|---|---|
| Тип записи | a | |||
| Библиографический уровень | m | |||
| 001 | Контрольный номер | 747d2dc773f9494188154a3c9ecc9c5b | ||
| 005 | Дата корректировки | 20240416112224.7 | ||
| 084 | a | Индекс другой классификации/Индекс ББК | 88 | |
| 091 | i | Возрастная адресация (DOS) | 16+ | |
| 097 | b | Оператор | Чирова | |
| 245 | 10 | a | Заглавие | PSYCHOLOGIES / Психолоджис |
| n | Номер части/ раздела | 78 | ||
| 260 | c | Дата издания | 2024 | |
| 500 | a | Примечание | Апрель-Май | |
| 900 | a | Имя макрообъекта | E0041D100130F437 | |
| 901 | t | Тип документа | s |